000 00725nam a2200217 a 4500
001 13062
003 BD-JhCC
005 20230617113409.0
008 230616b2020 bg |||| ||a| 00| 0 ben d
020 _a9789840425143
035 _a(BD-JhCC)13062
040 _aBD-JhCC
_dBD-JhCC
041 _aBengali
082 _bZAM 2020
_a891.4435
100 _aজামান, আবু হেনা মোরশেদ
245 _aআমার বন্ধু জ্ঞানী তৈল সিং /
_cআবু হেনা মোরশেদ জামান।
260 _aঢাকা:
_bআগামী প্রকাশনী;
_c2020.
300 _a71 p. :
_c22 cm.
650 _aBengali Short Story
942 _2ddc
_cBK
999 _c13062
_d13062